Význam a efektívnosť iniciatív proti deforestácii Amazonského pralesa
Deforestácia a degradácia lesov sa v súčasnosti považujú za kľúčové elementy politiky zmierňovania klimatickej zmeny. Iniciatívy proti odlesňovaniu. Zmena politiky vlády a iniciatívy mimovládnych environmentálnych organizácií.
Gespeichert in:
| 1. Verfasser: | |
|---|---|
| Weitere Verfasser: | |
| Format: | Buchkapitel |
| Sprache: | Slowakisch |
| Schlagworte: | |
| Tags: |
Keine Tags, Fügen Sie das erste Tag hinzu!
|
MARC
| LEADER | 00000nla a2200000 4500 | ||
|---|---|---|---|
| 001 | 0223526 | ||
| 005 | 20240502073646.3 | ||
| 041 | 0 | |a slo | |
| 044 | |a SK | ||
| 245 | 1 | 0 | |a Význam a efektívnosť iniciatív proti deforestácii Amazonského pralesa |c Simona Škorvagová, Michaela Majerská |
| 520 | |a Deforestácia a degradácia lesov sa v súčasnosti považujú za kľúčové elementy politiky zmierňovania klimatickej zmeny. Iniciatívy proti odlesňovaniu. Zmena politiky vlády a iniciatívy mimovládnych environmentálnych organizácií. | ||
| 610 | 2 | 0 | |a pralesy tropické dažďové |
| 610 | 2 | 0 | |a záťaže environmentálne |
| 610 | 2 | 0 | |a zmeny klimatické |
| 610 | 2 | 0 | |a politika environmentálna |
| 610 | 2 | 0 | |a organizácie neziskové |
| 610 | 2 | 0 | |a environmentalistika |
| 610 | 2 | 0 | |a ochrana prostredia životného |
| 100 | 1 | |a Škorvagová, Simona | |
| 700 | 1 | |a Majerská, Michaela | |